000 00373nam a2200145Ia 4500
008 240624s9999 xx 000 0 und d
041 _aeng
082 _a657.42 HIC
100 _aHICKS DOUGLAS T
245 _aACTIVITY BASED COSTING MAKING IT WORK FO
250 _a(2nd ed.)
260 _c1999
_aNew York
_bJohn Wiley
300 _axix, : 357 : p. : cm. ; 23
365 _cRS
999 _c1419
_d1419